| Tag |
First Indicator |
Second Indicator |
Subfields |
| LEADER |
00000cam a2200000 i 4500 |
| 001 |
in00000364530 |
| 005 |
20151011073835.0 |
| 008 |
770328s1977 maua b 00110 eng |
| 010 |
|
|
|a 76007655
|
| 020 |
|
|
|a 0201008947
|
| 035 |
|
|
|a (OCoLC)02726639
|
| 035 |
|
|
|9 ABP4019AM
|
| 040 |
|
|
|a DLC
|c DLC
|d TXA
|d UtOrBLW
|
| 049 |
|
|
|a TXAM
|c [1536297]
|
| 050 |
0 |
0 |
|a QE26.2
|b .C37 1977
|
| 082 |
0 |
|
|a 550
|
| 100 |
1 |
|
|a Cargo, David N.
|q (David Niels),
|d 1932-
|
| 245 |
1 |
0 |
|a Man and his geologic environment /
|c David N. Cargo, Bob F. Mallory.
|
| 250 |
|
|
|a 2d ed.
|
| 264 |
|
1 |
|a Reading, Mass. :
|b Addison-Wesley Pub. Co.,
|c [1977]
|
| 264 |
|
4 |
|c ©1977
|
| 300 |
|
|
|a xxi, 581 pages :
|b illustrations ;
|c 24 cm.
|
| 336 |
|
|
|a text
|b txt
|2 rdacontent
|
| 337 |
|
|
|a unmediated
|b n
|2 rdamedia
|
| 338 |
|
|
|a volume
|b nc
|2 rdacarrier
|
| 504 |
|
|
|a Includes bibliographies and index.
|
| 650 |
|
0 |
|a Earth sciences.
|
| 650 |
|
0 |
|a Mines and mineral resources.
|
| 650 |
|
0 |
|a Environmental protection.
|
| 700 |
1 |
|
|a Mallory, Bob F.
|
| 999 |
|
|
|a MARS
|
| 999 |
f |
f |
|s bc80055f-3003-312e-9f94-69082dda8aca
|i 05bf3497-12ec-36f7-856b-96ee78f142fb
|t 0
|
| 952 |
f |
f |
|p ric
|a Texas A&M University
|b Rellis Campus
|c Joint Library Facility
|s JLF
|d Remote Storage
|t 0
|e QE26.2 .C37 1977
|h Library of Congress classification
|i unmediated -- volume
|m A14804743843
|
| 998 |
f |
f |
|a QE26.2 .C37 1977
|t 0
|l Remote Storage
|